| 000 -ლიდერი |
| ფიქსირებული სიგრძის საკონტროლო ველი |
00938nam a2200229Ia 4500 |
| 001 - საკონტროლო ნომერი |
| საკონტროლო ველი |
4474 |
| 003 - საკონტროლო ნომრის იდენტიფიკატორი |
| საკონტროლო ველი |
GE_BSU |
| 005 - ბოლო ოპერაციის თარიღი და დრო |
| საკონტროლო ველი |
20190527154146.0 |
| 008 - ფიქსირებული სიგრძის მონაცემთა ელემენტები - ზოგადი ინფორმაცია |
| ფიქსირებული სიგრძის საკონტროლო ველი |
181216s1982|||| |||||||||||||| ||geo|| |
| 040 ## - კატალოგიზაციის წყარო |
| Transcribing agency |
GE_BSU |
| 041 ## - ენის კოდი |
| Language code of text/sound track or separate title |
geo |
| 080 ## - უნივერსალური ათობითი კლასიფიკაციის ინდექსი |
| Universal Decimal Classification number |
551.510.04(075.8) ე–78 |
| 100 ## - მთავარი ჩანაწერი - პიროვნების სახელი |
| Personal name |
ერისთავი,ვ. |
| 9 (RLIN) |
1649 |
| 245 ## - ცნობა სათაურის შესახებ |
| Title |
ატმოსფეროს დაცვა : დამხმ. სახელმძღვ. / |
| Statement of responsibility, etc |
ვ. ერისთავი ; ლ. არხიპოვა ; რ. ალასანია ; რედ : ე. გიორგაძე. |
| 264 ## - წარმოების, გამოცემის, დისტრიბუციის და სხვა ცნობები |
| გამოცემის, წარმოების, დისტრიბუციის... ადგილი |
თბილისი : |
| გამოცემის, წარმოების, დისტრიბუციის... სახელწოდება |
სპი, |
| გამოცემის, წარმოების, დისტრიბუციის... თარიღი |
1982. |
| 300 ## - ფიზიკური აღწერა |
| Extent |
64გვ .: |
| Dimensions |
20 სმ. |
| 653 ## - INDEX TERM--UNCONTROLLED |
| Uncontrolled term |
ატმოსფეროს დაცვა |
| 700 ## - ADDED ENTRY--PERSONAL NAME |
| Personal name |
არხიპოვა, ლ |
| 9 (RLIN) |
1650 |
| 700 ## - ADDED ENTRY--PERSONAL NAME |
| Personal name |
ალასანია, რ |
| 9 (RLIN) |
1651 |
| 700 ## - ADDED ENTRY--PERSONAL NAME |
| Personal name |
გიორგაძე, ე |
| Relator term |
რედაქტორი |
| 9 (RLIN) |
398 |
| 942 ## - ADDED ENTRY ELEMENTS (KOHA) |
| Koha item type |
წიგნი |
| Source of classification or shelving scheme |
|